Escenarios y tendencias de la psicología social
Saved in:
| Main Authors: | , , |
|---|---|
| Format: | Bog |
| Sprog: | spansk |
| Udgivet: |
Madrid
Tecnos
1996
|
| Serier: | Filosofía y Ensayo
|
| Fag: | |
| Tags: |
Tilføj Tag
Ingen Tags, Vær først til at tagge denne postø!
|
MARC
| LEADER | 00000nam a2200000 a 4500 | ||
|---|---|---|---|
| 001 | UCP7287 | ||
| 003 | CL-VaPUC | ||
| 008 | 991209e19960000SP |||||||||||||||||spa|d | ||
| 082 | 0 | 4 | |a 302 |b COL |2 21 |
| 100 | 0 | |a Collier, Gary |e author |9 436820 | |
| 700 | 0 | |a Minton, Henry L |e author |9 436821 | |
| 700 | 0 | |a Reynolds, Graham |e author |9 436822 | |
| 245 | 1 | 0 | |a Escenarios y tendencias de la psicología social |
| 300 | |a 587 p | ||
| 942 | |c BK | ||
| 945 | |d 19991209 00:00:00 |a vberengu | ||
| 260 | |a Madrid |b Tecnos |c 1996 | ||
| 650 | 0 | |a Comportamiento social |9 334200 | |
| 650 | 0 | |a Interacción social |9 307764 | |
| 650 | 0 | |a Psicología individual |9 309049 | |
| 650 | 0 | |a Psicología social |9 222894 | |
| 583 | |a last modification |c 19991209 00:00:00 |k Rodrigo Vera | ||
| 490 | 0 | |a Filosofía y Ensayo | |
| 999 | |c 284590 |d 284588 | ||
| 952 | |0 0 |1 0 |4 0 |6 302_000000000000000_COL_1996 |7 0 |8 A |9 328702 |a BIBEDU |b BIBEDU |d 2019-11-20 |i 3585409 |o 302 COL 1996 |p 3585409 |r 2019-11-20 |w 2019-11-20 |y BK |k PSI | ||